000 00660 a2200217 4500
001 63202
005 20260407155928.0
008 260407a1987 arg spa d
003 AR-UNSa-BCEJYS
040 _aAR-UNSa-BCEJYS
_bspa
_cAR-UNSa-BCEJYS
080 _a510
_xConsideraciones fundamentales y generales de las matemáticas
245 1 0 _aMatemática 1
_pEquipo de actividades
264 1 _aBuenos Aires :
_bAngel Estrada
_c1987
300 _a84 p.
_c23 cm.
041 _aspa
942 _cBK
590 _aniveau_biblio:m niveau_hierar:0
100 1 _aVázquez de Tapia, Nelly
700 1 _aTapia de Bibiloni, Alicia
700 1 _aTapia, Carlos Alberto
999 _c8043
_d8043